Will they do it again? (Record no. 1235)
[ view plain ]
| 000 -LEADER | |
|---|---|
| fixed length control field | 01369nam a22003494a 4500 |
| 082 04 - DEWEY DECIMAL CLASSIFICATION NUMBER | |
| Classification number | 362.2/042 |
| 100 1# - MAIN ENTRY--AUTHOR NAME | |
| Personal name | Prins, Herschel A. |
| 245 10 - TITLE STATEMENT | |
| Title | Will they do it again? |
| 260 ## - PUBLICATION, DISTRIBUTION, ETC. (IMPRINT) | |
| Place of publication | London ; |
| -- | New York : |
| Name of publisher | Routledge, |
| Year of publication | 1999. |
| 300 ## - PHYSICAL DESCRIPTION | |
| Number of Pages | xiv, 171 p. |
| 650 #0 - SUBJECT ADDED ENTRY--TOPICAL TERM | |
| Topical Term | Mentally ill offenders. |
| Topical Term | Criminal behavior, Prediction of. |
| Topical Term | Psychology, Pathological. |
| Topical Term | Social psychiatry. |
| Topical Term | Risk assessment. |
| 856 40 - ELECTRONIC LOCATION AND ACCESS | |
| Uniform Resource Identifier | http://site.ebrary.com/lib/rucke/Doc?id=5001581 |
No items available.
